[Event "Eesti klubide mv"]
[Site "Tallinn"]
[Date "2006.03.25"]
[Round "5"]
[White "Aleksejev, Igor"]
[Black "Sööt, Margus"]
[Result "1/2-1/2"]
[WhiteElo "2096"]
[BlackElo "2174"]
[PlyCount "296"]
[EventDate "2006.03.23"]
[EventType "team"]
[EventRounds "7"]
[EventCountry "EST"]
[SourceDate "2006.04.22"]
[WhiteTeam "Narva Maletäht"]
[BlackTeam "Vabaettur 2"]
[WhiteTeamCountry "EST"]
[BlackTeamCountry "EST"]

1. e4 c6 2. d4 d5 3. exd5 cxd5 4. c4 Nc6 5. Be3 Nf6 6. Nc3 e6 7. Nf3 Be7 8. Bd3
Nb4 9. c5 Nxd3+ 10. Qxd3 O-O 11. O-O Bd7 12. b4 h6 13. h3 Nh7 14. b5 Kh8 $11
15. Rac1 Be8 16. Bf4 Rc8 17. Ne5 Nf6 18. Qe2 Ne4 19. a4 Nxc3 20. Rxc3 Qa5 21.
Qc2 Bf6 22. Rg3 Bxe5 23. Bxe5 f6 24. Bd6 Rg8 25. Re3 Bf7 26. Rb1 Qd8 27. Qd2
Re8 28. Rbe1 Qd7 29. Rf3 Bg6 30. Rb3 Kh7 31. Qe2 e5 32. dxe5 fxe5 33. Qd2 d4
34. Rg3 Qf5 35. a5 d3 36. Rf3 Qg5 37. Qc3 e4 38. Rfe3 Qd5 39. Qb2 b6 40. axb6
axb6 41. f3 bxc5 42. Bg3 c4 43. fxe4 Rxe4 44. Rxe4 Bxe4 45. Be5 Qc5+ 46. Kh2 c3
47. Bxc3 Bxg2 48. Kxg2 Qxc3 49. Qxc3 Rxc3 50. Rd1 Rb3 51. b6 Rb2+ 52. Kf3 $11
d2 53. b7 Rxb7 54. Rxd2 Rb3+ 55. Kg2 Rb6 56. Kg3 Kg6 57. Rd4 Rb3+ 58. Kg2 Ra3
59. Rd5 Kf6 60. Rd6+ Kf5 61. Rd4 Ra5 62. Rb4 Kg5 63. Kg3 Ra3+ 64. Kg2 Ra5 65.
Kg3 Rc5 66. Ra4 Rb5 67. Rc4 Rd5 68. Ra4 Re5 69. Rb4 Rc5 70. Ra4 Rc3+ 71. Kg2
Kf5 72. Ra5+ Kf4 73. Ra4+ Kg5 74. Ra5+ Kg6 75. Rb5 Re3 76. Ra5 Re6 77. Kg3 Rb6
78. Rc5 Rf6 79. Ra5 Rf5 80. Ra4 Rg5+ 81. Kf3 Kh5 82. Rb4 Ra5 83. Kg3 Ra3+ 84.
Kg2 Ra5 85. Kg3 Rc5 86. Ra4 Rb5 87. Rc4 g6 88. Ra4 Rc5 89. Rb4 Ra5 90. Rc4 Rg5+
91. Kf3 Rf5+ 92. Kg3 Rb5 93. Ra4 Rf5 94. Rb4 Rg5+ 95. Kf3 Rg1 96. Kf2 Ra1 97.
Kg3 Ra5 98. Rc4 Ra6 99. Rb4 g5 100. Rc4 Kg6 101. Rb4 h5 102. Rc4 Ra3+ 103. Kg2
Ra5 104. Kg3 Kf5 105. Rb4 Ra3+ 106. Kg2 Re3 107. Rb8 h4 108. Rf8+ Ke4 109. Rf7
Re2+ 110. Kg1 Ra2 111. Rf8 Ra3 112. Kg2 Rg3+ 113. Kh2 Ke3 114. Rf7 Rf3 115.
Re7+ Kf2 116. Re5 Rg3 117. Rf5+ Ke3 118. Rf7 Ke4 119. Rf8 Ra3 120. Rf7 Ra2+
121. Kg1 Ra5 122. Kg2 Rf5 123. Re7+ Kf4 124. Ra7 Re5 125. Rf7+ Rf5 126. Ra7 Rb5
127. Rf7+ Ke5 128. Rf8 Rb3 129. Rf7 Rb6 130. Rf8 Rf6 131. Re8+ Kf5 132. Ra8 Kg6
133. Ra5 Kh5 134. Rb5 Kg6 135. Ra5 Rf5 136. Ra6+ Kh5 137. Ra8 Rf6 138. Ra5 Rb6
139. Rc5 Rb2+ 140. Kg1 Re2 141. Rc6 Re5 142. Kg2 g4 143. hxg4+ Kxg4 144. Rc4+
Kg5 145. Ra4 Re2+ 146. Kh3 Re3+ 147. Kg2 Rg3+ 148. Kh2 Rg4 1/2-1/2

[Event "Eesti klubide mv"]
[Site "Tallinn"]
[Date "2006.03.25"]
[Round "5"]
[White "Jermolina, Jekaterina"]
[Black "Tsõganova, Monika"]
[Result "0-1"]
[WhiteElo "1809"]
[BlackElo "2269"]
[PlyCount "72"]
[EventDate "2006.03.23"]
[EventType "team"]
[EventRounds "7"]
[EventCountry "EST"]
[SourceDate "2006.04.22"]
[WhiteTeam "Vabaettur 2"]
[BlackTeam "Narva Maletäht"]
[WhiteTeamCountry "EST"]
[BlackTeamCountry "EST"]

1. e4 c5 2. Nf3 d6 3. d4 cxd4 4. Nxd4 Nf6 5. Nc3 a6 6. Bd3 e5 7. Nb3 Be6 8. Bg5
Nbd7 9. O-O Be7 10. Bxf6 Nxf6 11. Be2 O-O 12. f3 b5 13. Nd5 Bxd5 14. exd5 Qb6+
15. Kh1 Rac8 16. Rc1 Nh5 17. g3 g6 18. Qd2 f5 19. Na5 Rf7 20. Nc6 Bf6 21. b3
Bg7 22. c4 bxc4 23. Rxc4 Ra8 24. Ra4 Nf6 25. g4 Nd7 26. b4 fxg4 27. fxg4 Rxf1+
28. Bxf1 Rf8 29. Qe2 Rf2 30. Qxa6 Qe3 31. Qd3 Qf4 32. Ra8+ Bf8 33. Bg2 Qc1+ 34.
Bf1 Rxf1+ 35. Kg2 Rg1+ 36. Kh3 Qh6# 0-1

[Event "Eesti klubide mv"]
[Site "Tallinn"]
[Date "2006.03.25"]
[Round "5"]
[White "Zjukin, Sergei"]
[Black "Kukk, Sander"]
[Result "1-0"]
[WhiteElo "2366"]
[BlackElo "2176"]
[PlyCount "135"]
[EventDate "2006.03.23"]
[EventType "team"]
[EventRounds "7"]
[EventCountry "EST"]
[SourceDate "2006.04.22"]
[WhiteTeam "Kadrioru MK"]
[BlackTeam "SK Reval Sport"]
[WhiteTeamCountry "EST"]
[BlackTeamCountry "EST"]

1. e4 e5 2. Nf3 Nc6 3. Bb5 a6 4. Ba4 Nf6 5. O-O b5 6. Bb3 Be7 7. Re1 O-O 8. h3
d6 9. c3 Bb7 10. d4 h6 11. Nbd2 Re8 12. a3 Bf8 13. Bc2 g6 14. b4 Bg7 15. d5 Ne7
16. Nb3 c6 17. Na5 Qc7 18. dxc6 Bxc6 19. a4 Rad8 20. Nxc6 Nxc6 21. axb5 axb5
22. Qe2 Qb7 23. Nd2 Kh7 24. Bd3 Rb8 25. Nb3 Rec8 26. Bd2 d5 27. Nc5 Qe7 28.
Bxb5 Nxe4 29. Nxe4 dxe4 30. Bxc6 Rxc6 31. Qxe4 Qc7 32. Ra7 Qxa7 33. Qxc6 Qa2
34. Be3 Qb3 35. Qc7 Re8 36. b5 Qxb5 37. Qxf7 Rf8 38. Qc7 Kg8 39. c4 Qb2 40. c5
Qc3 41. Rc1 Qb2 42. Rd1 e4 43. c6 Be5 44. Qb6 Qa2 45. Qc5 Bc7 46. Qe7 Rf7 47.
Qxe4 Kh7 48. Qd5 Qxd5 49. Rxd5 g5 50. Kf1 Kg6 51. Ke2 Rf6 52. Rc5 Kf7 53. Kd3
Ke6 54. Kc4 Kd6 55. Kb5 Rf8 56. Rc2 Rb8+ 57. Ka6 Rb1 58. h4 Rb3 59. hxg5 hxg5
60. Bc5+ Kd5 61. Be3 Kd6 62. g4 Rb1 63. f4 Rb3 64. Bc5+ Kd5 65. fxg5 Rg3 66.
Kb7 Be5 67. Bb6 Bd6 68. Rd2+ 1-0

[Event "Eesti klubide mv"]
[Site "Tallinn"]
[Date "2006.03.25"]
[Round "5"]
[White "Valner, Uku"]
[Black "Shishkov, Andrei"]
[Result "1-0"]
[WhiteElo "2102"]
[BlackElo "2378"]
[PlyCount "55"]
[EventDate "2006.03.23"]
[EventType "team"]
[EventRounds "7"]
[EventCountry "EST"]
[SourceDate "2006.04.22"]
[WhiteTeam "SK Reval Sport"]
[BlackTeam "Kadrioru MK"]
[WhiteTeamCountry "EST"]
[BlackTeamCountry "EST"]

1. e4 c5 2. Nc3 Nc6 3. g3 g6 4. Bg2 Bg7 5. f4 d6 6. Nf3 Bg4 7. h3 Bxf3 8. Qxf3
Nd4 9. Qd1 e6 10. O-O Ne7 11. d3 O-O 12. Ne2 Nxe2+ 13. Qxe2 Rb8 14. g4 Qd7 15.
f5 exf5 16. gxf5 gxf5 17. exf5 Bd4+ 18. Kh1 Kh8 19. f6 Ng6 20. c3 Rfe8 21. Qh5
Be5 22. Bh6 Qa4 23. d4 cxd4 24. Bg7+ Kg8 25. Qh6 Bf4 26. Rxf4 Nxf4 27. Bf8 Ne6
28. Be4 1-0

[Event "Eesti klubide mv"]
[Site "Tallinn"]
[Date "2006.03.25"]
[Round "5"]
[White "Tarakanov, Oleg"]
[Black "Nestor, Kaarel"]
[Result "0-1"]
[WhiteElo "2200"]
[BlackElo "2069"]
[PlyCount "86"]
[EventDate "2006.03.23"]
[EventType "team"]
[EventRounds "7"]
[EventCountry "EST"]
[SourceDate "2006.04.22"]
[WhiteTeam "Kadrioru MK"]
[BlackTeam "SK Reval Sport"]
[WhiteTeamCountry "EST"]
[BlackTeamCountry "EST"]

1. e4 e6 2. d4 d5 3. e5 c5 4. c3 Nc6 5. Nf3 Qb6 6. a3 cxd4 7. cxd4 Bd7 8. Be2
Rc8 9. O-O Na5 10. Nbd2 Bb5 11. Re1 Ne7 12. b3 Bxe2 13. Rxe2 Nf5 14. Bb2 Be7
15. b4 Nc4 16. Nxc4 Rxc4 17. Qa4+ Qc6 18. Qxc6+ Rxc6 19. Rc1 Rxc1+ 20. Bxc1 Kd7
21. Rc2 Rc8 22. Rxc8 Kxc8 23. Bd2 Kc7 24. g4 Nh6 25. h3 Ng8 26. Ng5 Bxg5 27.
Bxg5 a5 28. bxa5 Kc6 29. Bd8 Kb5 30. f4 Kc4 31. Bb6 Ne7 32. Kf2 Kd3 33. Kf3 Nc6
34. f5 Nxd4+ 35. Kf4 Ne2+ 36. Kf3 Nc3 37. h4 Nb5 38. h5 Nxa3 39. g5 g6 40. fxg6
fxg6 41. hxg6 hxg6 42. Bc7 Nc4 43. Kf4 Ke2 0-1

[Event "Eesti klubide mv"]
[Site "Tallinn"]
[Date "2006.03.25"]
[Round "5"]
[White "Keskel, Marko"]
[Black "Rauk, Tõnu"]
[Result "1/2-1/2"]
[WhiteElo "2151"]
[BlackElo "2200"]
[PlyCount "99"]
[EventDate "2006.03.23"]
[EventType "team"]
[EventRounds "7"]
[EventCountry "EST"]
[SourceDate "2006.04.22"]
[WhiteTeam "SK Reval Sport"]
[BlackTeam "Kadrioru MK"]
[WhiteTeamCountry "EST"]
[BlackTeamCountry "EST"]

1. e4 c5 2. Nc3 e6 3. g3 Nc6 4. Bg2 g6 5. d3 Bg7 6. f4 d6 7. Nf3 Nge7 8. O-O
O-O 9. Rb1 Rb8 10. Bd2 b5 11. a3 Qc7 12. Qe1 Nd4 13. g4 f5 14. gxf5 gxf5 15.
Qh4 b4 16. axb4 cxb4 17. Nd1 Ng6 18. Qf2 Nxf3+ 19. Bxf3 Qxc2 20. Ne3 Qxd3 21.
exf5 Nxf4 22. Bg4 e5 23. Rbd1 Bb7 24. Qg3 Qe4 25. Bc1 Rbc8 26. Bf3 Qxf3 27.
Rxf3 Ne2+ 28. Kf2 Nxg3 29. Rxg3 Kh8 30. Rxd6 Rxc1 31. Rd7 Bf6 32. Rh3 Be4 33.
Rhxh7+ Kg8 34. Ng4 Be7 35. Rhxe7 Bxf5 36. Nh6+ Kh8 37. Rxa7 Bg6+ 38. Ke3 Re1+
39. Kd2 Rb1 40. Nf7+ Rxf7 41. Rxf7 Rxb2+ 42. Ke3 Bxf7 43. Rxf7 Rxh2 44. Rb7 Rh4
45. Rb5 b3 46. Rxe5 Rb4 47. Rh5+ Kg7 48. Rh1 b2 49. Rb1 Kf6 50. Kd3 1/2-1/2

[Event "Eesti klubide mv"]
[Site "Tallinn"]
[Date "2006.03.25"]
[Round "5"]
[White "Kortshagin, Oleg"]
[Black "Alasoo, Kaarel"]
[Result "1/2-1/2"]
[WhiteElo "2234"]
[BlackElo "1990"]
[PlyCount "55"]
[EventDate "2006.03.23"]
[EventType "team"]
[EventRounds "7"]
[EventCountry "EST"]
[SourceDate "2006.04.22"]
[WhiteTeam "Kadrioru MK"]
[BlackTeam "SK Reval Sport"]
[WhiteTeamCountry "EST"]
[BlackTeamCountry "EST"]

1. d4 d5 2. c4 c6 3. Nc3 e6 4. e4 dxe4 5. Nxe4 Nf6 6. Nxf6+ Qxf6 7. Nf3 Bb4+ 8.
Bd2 Bxd2+ 9. Qxd2 O-O 10. Bd3 Nd7 11. O-O-O e5 12. Ng5 g6 13. h4 exd4 14. Ne4
Qg7 15. f4 f5 16. Ng5 Nf6 17. c5 h6 18. Bc4+ Kh8 19. Qxd4 Nh5 20. Nf3 b6 21.
Ne5 Kh7 22. Rhe1 bxc5 23. Qxc5 Rb8 24. Qa3 c5 25. Rd6 Nf6 26. Nc6 Rb7 27. Nd8
Re7 28. Red1 1/2-1/2

[Event "Eesti klubide mv"]
[Site "Tallinn"]
[Date "2006.03.25"]
[Round "5"]
[White "Rõtova, Merike"]
[Black "Pärnpuu, Leili"]
[Result "0-1"]
[WhiteElo "1994"]
[BlackElo "2212"]
[PlyCount "80"]
[EventDate "2006.03.23"]
[EventType "team"]
[EventRounds "7"]
[EventCountry "EST"]
[SourceDate "2006.04.22"]
[WhiteTeam "SK Reval Sport"]
[BlackTeam "Kadrioru MK"]
[WhiteTeamCountry "EST"]
[BlackTeamCountry "EST"]

1. e4 c5 2. Nc3 Nc6 3. g3 g6 4. Bg2 Bg7 5. f4 e6 6. d3 d6 7. Nf3 Nge7 8. O-O
O-O 9. h3 Rb8 10. Kh2 Nd4 11. Nxd4 cxd4 12. Ne2 b5 13. Bd2 b4 14. a3 bxa3 15.
Rxa3 Rxb2 16. Rxa7 Nc6 17. Ra8 Qb6 18. Bc1 Rb1 19. Qd2 Na7 20. e5 dxe5 21. Rf2
exf4 22. Qxf4 e5 23. Qf3 Be6 24. Rxf8+ Bxf8 25. Bg5 f5 26. h4 Qc7 27. Ng1 Rb5
28. Nh3 Bg7 29. Qa8+ Rb8 30. Qf3 Nb5 31. h5 Nc3 32. hxg6 hxg6 33. Rf1 Bd5 34.
Qf2 Bxg2 35. Qxg2 Qb7 36. Qd2 Rc8 37. Bh6 Nd5 38. Rf2 Bxh6 39. Qxh6 Qg7 40. Qd2
Ne3 0-1

[Event "Eesti klubide mv"]
[Site "Tallinn"]
[Date "2006.03.26"]
[Round "6"]
[White "Kovaljov, Deniss"]
[Black "Kukk, Sander"]
[Result "1/2-1/2"]
[WhiteElo "2337"]
[BlackElo "2176"]
[PlyCount "110"]
[EventDate "2006.03.23"]
[EventType "team"]
[EventRounds "7"]
[EventCountry "EST"]
[SourceDate "2006.04.22"]
[WhiteTeam "Vabaettur 1"]
[BlackTeam "SK Reval Sport"]
[WhiteTeamCountry "EST"]
[BlackTeamCountry "EST"]

1. d4 Nf6 2. Nf3 g6 3. c3 Bg7 4. Bg5 d5 5. Nbd2 O-O 6. e3 Nbd7 7. Be2 h6 8. Bh4
b6 9. O-O g5 10. Bg3 Nh5 11. c4 Nxg3 12. hxg3 Bb7 13. Qb3 e6 14. Rad1 c5 15.
Nb1 Rc8 16. dxc5 Nxc5 17. Qa3 a5 18. cxd5 Bxd5 19. Nc3 Bxc3 20. Qxc3 Ne4 21.
Qd4 Qf6 22. Ne5 Rfd8 23. Bh5 Ba8 24. Nd7 Qe7 25. f3 e5 26. Qxe5 Qxe5 27. Nxe5
Nxg3 28. Bxf7+ Kg7 29. Rxd8 Rxd8 30. Re1 Kf6 31. Kh2 Nf5 32. f4 Rd2 33. Bh5
Rxg2+ 34. Kh3 Rxb2 35. e4 Nd6 36. Nd3 Rd2 37. e5+ Kg7 38. Rd1 Rxd1 39. Bxd1 Nf5
40. Bg4 Be4 41. Nf2 Bc2 42. fxg5 hxg5 43. Be2 Nd4 44. Bc4 Nf3 45. Bd3 Bxd3 46.
Nxd3 Kg6 47. Kg4 Nh2+ 48. Kg3 Nf1+ 49. Kf2 Nd2 50. Ke3 Nc4+ 51. Kd4 b5 52. Kd5
Kf5 53. e6 Kf6 54. Nf2 Ne3+ 55. Kd6 Nc4+ 1/2-1/2

[Event "Eesti klubide mv"]
[Site "Tallinn"]
[Date "2006.03.26"]
[Round "6"]
[White "Valner, Uku"]
[Black "Danilov, Nikolai"]
[Result "0-1"]
[WhiteElo "2102"]
[BlackElo "2315"]
[PlyCount "58"]
[EventDate "2006.03.23"]
[EventType "team"]
[EventRounds "7"]
[EventCountry "EST"]
[SourceDate "2006.04.22"]
[WhiteTeam "SK Reval Sport"]
[BlackTeam "Vabaettur 1"]
[WhiteTeamCountry "EST"]
[BlackTeamCountry "EST"]

1. e4 c6 2. d4 d5 3. exd5 cxd5 4. Bd3 Nc6 5. c3 Qc7 6. Ne2 Bg4 7. f3 Bh5 8. Bf4
Qd7 9. O-O e6 10. Re1 Be7 11. Nd2 Nf6 12. Be5 Bg6 13. Nf4 Bxd3 14. Nxd3 O-O 15.
Bxf6 Bxf6 16. f4 b5 17. b4 a5 18. a3 Ra7 19. Nb3 axb4 20. axb4 Rfa8 21. Rxa7
Qxa7 22. Qd2 Qc7 23. Qb2 Ra7 24. Ra1 Qb8 25. Rxa7 Qxa7 26. Qa1 Qxa1+ 27. Nxa1
Nxd4 28. Nc1 Nc6 29. Ne2 Nxb4 0-1

[Event "Eesti klubide mv"]
[Site "Tallinn"]
[Date "2006.03.26"]
[Round "6"]
[White "Krupenski, Juri"]
[Black "Nestor, Kaarel"]
[Result "1-0"]
[WhiteElo "2290"]
[BlackElo "2069"]
[PlyCount "81"]
[EventDate "2006.03.23"]
[EventType "team"]
[EventRounds "7"]
[EventCountry "EST"]
[SourceDate "2006.04.22"]
[WhiteTeam "Vabaettur 1"]
[BlackTeam "SK Reval Sport"]
[WhiteTeamCountry "EST"]
[BlackTeamCountry "EST"]

1. d4 Nf6 2. c4 e5 3. dxe5 Ng4 4. Nf3 Bc5 5. e3 Nc6 6. b3 O-O 7. Bb2 Re8 8. Be2
a5 9. Nc3 Ngxe5 10. Nd5 Nxf3+ 11. gxf3 Ne5 12. h4 c6 13. Nc3 d6 14. h5 Qg5 15.
Kf1 Nd7 16. Ne4 Qe7 17. h6 g6 18. Qd2 Bb4 19. Qd4 Qe5 20. a3 Qxd4 21. exd4 d5
22. axb4 dxe4 23. Rxa5 Rxa5 24. bxa5 e3 25. Rh4 f5 26. d5 exf2 27. dxc6 bxc6
28. Kxf2 c5 29. Rh1 Re6 30. Rd1 Kf7 31. Rd5 Ke8 32. Bd1 Bb7 33. Rd2 Kd8 34. Ba3
Kc7 35. Re2 Rd6 36. Bc2 Rd4 37. Kg3 Bc6 38. Bc1 Kb7 39. Re7 Ka6 40. Re6 Kb7 41.
Be3 1-0

[Event "Eesti klubide mv"]
[Site "Tallinn"]
[Date "2006.03.26"]
[Round "6"]
[White "Keskel, Marko"]
[Black "Krupenski, Igor"]
[Result "0-1"]
[WhiteElo "2151"]
[BlackElo "2326"]
[PlyCount "60"]
[EventDate "2006.03.23"]
[EventType "team"]
[EventRounds "7"]
[EventCountry "EST"]
[SourceDate "2006.04.22"]
[WhiteTeam "SK Reval Sport"]
[BlackTeam "Vabaettur 1"]
[WhiteTeamCountry "EST"]
[BlackTeamCountry "EST"]

1. e4 e6 2. d4 d5 3. e5 c5 4. c3 Qb6 5. Nf3 Nc6 6. Bd3 cxd4 7. cxd4 Bd7 8. O-O
Nxd4 9. Nxd4 Qxd4 10. Nc3 a6 11. Qe2 Qa7 12. Kh1 Bc5 13. Qg4 g6 14. Bg5 Bc6 15.
Rae1 h5 16. Qh3 Kd7 17. f4 Nh6 18. Bxh6 Rxh6 19. f5 gxf5 20. Bxf5 Rg8 21. Rd1
Kc7 22. Be4 dxe4 23. Rxf7+ Kb8 24. Qg3 Rhh8 25. Rg7 Rd8 26. Rxd8+ Rxd8 27. Qg5
Qb6 28. Rg6 Rf8 29. Rf6 Qxb2 30. Rxf8+ Bxf8 0-1

[Event "Eesti klubide mv"]
[Site "Tallinn"]
[Date "2006.03.26"]
[Round "6"]
[White "Remmel, Anto"]
[Black "Alasoo, Kaarel"]
[Result "1-0"]
[WhiteElo "2316"]
[BlackElo "1990"]
[PlyCount "51"]
[EventDate "2006.03.23"]
[EventType "team"]
[EventRounds "7"]
[EventCountry "EST"]
[SourceDate "2006.04.22"]
[WhiteTeam "Vabaettur 1"]
[BlackTeam "SK Reval Sport"]
[WhiteTeamCountry "EST"]
[BlackTeamCountry "EST"]

1. e4 Nf6 2. e5 Nd5 3. d4 d6 4. Nf3 Bg4 5. Be2 e6 6. c4 Nb6 7. exd6 cxd6 8. Be3
Nc6 9. Nbd2 Be7 10. O-O O-O 11. Re1 f5 12. d5 exd5 13. cxd5 Bxf3 14. Nxf3 Ne5
15. Nd4 Rf7 16. Ne6 Qd7 17. b3 Rc8 18. a4 Bf6 19. Bb5 Qe7 20. a5 Nbd7 21. Bxa7
g5 22. Rc1 Rxc1 23. Qxc1 Nf8 24. Qc8 h5 25. Rc1 Kh7 26. Be8 1-0

[Event "Eesti klubide mv"]
[Site "Tallinn"]
[Date "2006.03.26"]
[Round "6"]
[White "Narva, Triin"]
[Black "Daulyte, Deimante"]
[Result "0-1"]
[WhiteElo "1843"]
[BlackElo "2244"]
[PlyCount "94"]
[EventDate "2006.03.23"]
[EventType "team"]
[EventRounds "7"]
[EventCountry "EST"]
[SourceDate "2006.04.22"]
[WhiteTeam "SK Reval Sport"]
[BlackTeam "Vabaettur 1"]
[WhiteTeamCountry "EST"]
[BlackTeamCountry "EST"]

1. e4 c5 2. Nf3 d6 3. Bb5+ Bd7 4. Bxd7+ Qxd7 5. O-O Nc6 6. c3 Nf6 7. Re1 g6 8.
d4 cxd4 9. cxd4 Bg7 10. Nc3 O-O 11. Bf4 Nh5 12. Be3 Rac8 13. h3 Na5 14. Qc1 b5
15. b4 Nc4 16. Bh6 Nb6 17. Bxg7 Kxg7 18. g4 Na4 19. gxh5 Rxc3 20. Qf4 Qxh3 21.
h6+ Qxh6 22. Ng5 Kg8 23. Qg4 Qg7 24. Qh4 h6 25. Nh3 Qxd4 26. Kg2 Qf6 27. Qxh6
Qh8 28. Qxh8+ Kxh8 29. Nf4 Rc4 30. a3 Kg7 31. Nd5 e6 32. Nf4 d5 33. Rac1 dxe4
34. Rxc4 bxc4 35. Rxe4 Rc8 36. Ne2 c3 37. b5 Nb6 38. Nc1 Rd8 39. Re1 Rd2 40.
Nb3 Rb2 41. Nd4 Nd5 42. Rc1 e5 43. Nc6 Rxb5 44. Nxa7 Rc5 45. a4 c2 46. Nb5 Nf4+
47. Kf1 Nd3 0-1

[Event "Eesti klubide mv"]
[Site "Tallinn"]
[Date "2006.03.26"]
[Round "6"]
[White "Vovk, Ilja"]
[Black "Zjukin, Sergei"]
[Result "1-0"]
[WhiteElo "2265"]
[BlackElo "2366"]
[PlyCount "100"]
[EventDate "2006.03.23"]
[EventType "team"]
[EventRounds "7"]
[EventCountry "EST"]
[SourceDate "2006.04.22"]
[WhiteTeam "Vabaettur 2"]
[BlackTeam "Kadrioru MK"]
[WhiteTeamCountry "EST"]
[BlackTeamCountry "EST"]

1. e4 e5 2. Nf3 Nc6 3. Nc3 Nf6 4. d4 exd4 5. Nxd4 Bb4 6. Nxc6 bxc6 7. Bd3 d5 8.
exd5 cxd5 9. O-O O-O 10. Bg5 c6 11. Qf3 Bd6 12. Rae1 Rb8 13. Nd1 h6 14. Bxf6
Qxf6 15. Qxf6 gxf6 16. b3 Be6 17. Ne3 Rfe8 18. Nf5 Bxf5 19. Bxf5 Rxe1 20. Rxe1
Rd8 21. Re3 Kf8 22. Kf1 c5 23. Rh3 Kg7 24. Rh4 Bc7 25. Ra4 a5 26. Rg4+ Kf8 27.
a4 Re8 28. Rh4 Kg7 29. Bd7 Rd8 30. Bb5 Rd6 31. Rh3 f5 32. Rc3 Bb6 33. Rf3 Rf6
34. Rd3 d4 35. Rf3 f4 36. Bc4 Bc7 37. Ke2 Rf5 38. Kd2 Rh5 39. h3 f6 40. Bf1 Kf7
41. Kd3 Ke7 42. Kc4 Re5 43. Bd3 Rg5 44. Kb5 Kd7 45. Be4 Rxg2 46. Kxc5 Rh2 47.
Bf5+ Kd8 48. Kc6 Be5 49. b4 axb4 50. a5 Rh1 1-0

[Event "Eesti klubide mv"]
[Site "Tallinn"]
[Date "2006.03.26"]
[Round "6"]
[White "Shishkov, Andrei"]
[Black "Vassiljev, Igor"]
[Result "1-0"]
[WhiteElo "2378"]
[BlackElo "2269"]
[PlyCount "41"]
[EventDate "2006.03.23"]
[EventType "team"]
[EventRounds "7"]
[EventCountry "EST"]
[SourceDate "2006.04.22"]
[WhiteTeam "Kadrioru MK"]
[BlackTeam "Vabaettur 2"]
[WhiteTeamCountry "EST"]
[BlackTeamCountry "EST"]

1. d4 Nf6 2. c4 e6 3. Nc3 d5 4. cxd5 Nxd5 5. e4 Nxc3 6. bxc3 c5 7. a3 Be7 8.
Nf3 O-O 9. Bd3 Nc6 10. Bb1 b6 11. Qd3 Na5 12. e5 g6 13. Bh6 Re8 14. h4 Bb7 15.
h5 Nb3 16. hxg6 hxg6 17. Rh3 Bxf3 18. Rxf3 c4 19. Qe4 Qd5 20. Qg4 Bf8 21. Bxg6
1-0

[Event "Eesti klubide mv"]
[Site "Tallinn"]
[Date "2006.03.26"]
[Round "6"]
[White "Karjakin, Sergei"]
[Black "Tarakanov, Oleg"]
[Result "1/2-1/2"]
[WhiteElo "2203"]
[BlackElo "2200"]
[PlyCount "80"]
[EventDate "2006.03.23"]
[EventType "team"]
[EventRounds "7"]
[EventCountry "EST"]
[SourceDate "2006.04.22"]
[WhiteTeam "Vabaettur 2"]
[BlackTeam "Kadrioru MK"]
[WhiteTeamCountry "EST"]
[BlackTeamCountry "EST"]

1. d4 d5 2. c4 c6 3. Nc3 Nf6 4. Nf3 e6 5. Bg5 Nbd7 6. e3 Qa5 7. cxd5 exd5 8.
Bd3 h6 9. Bf4 Be7 10. O-O O-O 11. a3 a6 12. b4 Qd8 13. h3 Re8 14. Qc2 Nf8 15.
Ne5 N6d7 16. Rad1 Nxe5 17. Bxe5 Be6 18. Na4 Bc8 19. Nc5 b6 20. Nb3 Bb7 21. Rb1
Bd6 22. Bxd6 Qxd6 23. a4 Nd7 24. a5 b5 25. Rfc1 Rad8 26. Bf5 Nb8 27. Nc5 Bc8
28. Rb3 g6 29. Bd3 Nd7 30. Rc3 Nxc5 31. Rxc5 Bd7 32. Be2 Re7 33. Bg4 Be8 34. g3
Kg7 35. h4 h5 36. Bf3 Qf6 37. Bg2 Rd6 38. Qd1 Bd7 39. Qf3 Qxf3 40. Bxf3 f5
1/2-1/2

[Event "Eesti klubide mv"]
[Site "Tallinn"]
[Date "2006.03.26"]
[Round "6"]
[White "Rauk, Tõnu"]
[Black "Shlõkov, Vitali"]
[Result "1-0"]
[WhiteElo "2200"]
[BlackElo "2277"]
[PlyCount "77"]
[EventDate "2006.03.23"]
[EventType "team"]
[EventRounds "7"]
[EventCountry "EST"]
[SourceDate "2006.04.22"]
[WhiteTeam "Kadrioru MK"]
[BlackTeam "Vabaettur 2"]
[WhiteTeamCountry "EST"]
[BlackTeamCountry "EST"]

1. d4 Nf6 2. c4 c5 3. Nf3 g6 4. Nc3 Bg7 5. d5 d6 6. Bf4 a6 7. e4 O-O 8. Qd2 Qa5
9. a4 b5 10. cxb5 axb5 11. Bxb5 Nxe4 12. Nxe4 Qxb5 13. axb5 Rxa1+ 14. Ke2 Rxh1
15. Ne1 Nd7 16. f3 Nb6 17. Ng3 Rxh2 18. Nf5 Rxg2+ 19. Nxg2 Bxf5 20. Ne3 Ra8 21.
Nxf5 gxf5 22. b3 Ra1 23. Bg5 Be5 24. Bxe7 f4 25. Bd8 Nd7 26. Bc7 c4 27. bxc4
Rb1 28. Qa5 Rb2+ 29. Kf1 Nc5 30. Qa8+ Kg7 31. Qd8 Rb1+ 32. Kg2 Rb2+ 33. Kh3 Nd3
34. Qg5+ Kh8 35. Bxd6 Bxd6 36. Qf6+ Kg8 37. Qxd6 h5 38. Qd8+ Kh7 39. Qf6 1-0

[Event "Eesti klubide mv"]
[Site "Tallinn"]
[Date "2006.03.26"]
[Round "6"]
[White "Dubrovin, Robert"]
[Black "Kortshagin, Oleg"]
[Result "0-1"]
[WhiteElo "2203"]
[BlackElo "2234"]
[PlyCount "52"]
[EventDate "2006.03.23"]
[EventType "team"]
[EventRounds "7"]
[EventCountry "EST"]
[SourceDate "2006.04.22"]
[WhiteTeam "Vabaettur 2"]
[BlackTeam "Kadrioru MK"]
[WhiteTeamCountry "EST"]
[BlackTeamCountry "EST"]

1. e4 g6 2. d4 Bg7 3. Nc3 c6 4. g3 d6 5. Bg2 Nd7 6. Nge2 Qc7 7. O-O h5 8. h3
Nf8 9. Be3 Bd7 10. a4 f5 11. exf5 gxf5 12. d5 Nf6 13. Nf4 h4 14. a5 c5 15. Qd3
Nh5 16. Ne6 Nxe6 17. dxe6 Bxe6 18. a6 Bxc3 19. axb7 Rb8 20. bxc3 hxg3 21. f4
Rxb7 22. Bxb7 Qxb7 23. Rab1 Qa8 24. Qb5+ Kf7 25. Qb7 Bd5 26. Qxa8 Bxa8 0-1

[Event "Eesti klubide mv"]
[Site "Tallinn"]
[Date "2006.03.26"]
[Round "6"]
[White "Pärnpuu, Leili"]
[Black "Jermolina, Jekaterina"]
[Result "1-0"]
[WhiteElo "2212"]
[BlackElo "1809"]
[PlyCount "95"]
[EventDate "2006.03.23"]
[EventType "team"]
[EventRounds "7"]
[EventCountry "EST"]
[SourceDate "2006.04.22"]
[WhiteTeam "Kadrioru MK"]
[BlackTeam "Vabaettur 2"]
[WhiteTeamCountry "EST"]
[BlackTeamCountry "EST"]

1. d4 d5 2. Nf3 Nf6 3. c4 Bf5 4. Nc3 e6 5. cxd5 exd5 6. Bg5 c6 7. e3 Be7 8. Be2
O-O 9. O-O Nbd7 10. h3 h6 11. Bh4 Ne4 12. Bxe7 Qxe7 13. a3 Qf6 14. Nh2 Qg6 15.
g4 h5 16. Kh1 hxg4 17. hxg4 Nxc3 18. bxc3 Be6 19. Bd3 f5 20. Rg1 Qf7 21. g5 g6
22. f4 Nb6 23. Nf3 Nc4 24. Qe2 Qe7 25. Kg2 Nxa3 26. Ne5 Kg7 27. Rh1 Rh8 28. Qf2
Nc4 29. Rxh8 Rxh8 30. Rxa7 Nxe5 31. dxe5 Qc7 32. Qb2 Rb8 33. Kg3 Kg8 34. Be2
Qh7 35. Bf3 Qe7 36. Qb4 Qd7 37. Qb6 Kf7 38. Be2 Qe7 39. Ba6 Bc8 40. c4 dxc4 41.
Bxc4+ Be6 42. Bxe6+ Kxe6 43. Qb3+ Kd7 44. Rxb7+ Rxb7 45. Qxb7+ Ke8 46. Qxc6+
Kf7 47. Qf6+ Qxf6 48. gxf6 1-0